| 000 | 00684nam a2200205 a 4500 | ||
|---|---|---|---|
| 001 | BRCA_7598 | ||
| 005 | 20190320205915.0 | ||
| 008 | 220613s1874----sp-#######---#000-0#spa-# | ||
| 041 | _aspa | ||
| 044 | _asp | ||
| 050 | 4 |
_aZ8158 _b.C37 1874 |
|
| 100 | 1 |
_aCastro, Adolfo de _918741 |
|
| 245 | 1 | 0 |
_aVarias obras inéditas de Cervantes _bsacadas de códices de la Biblioteca Colombina, con nuevas ilustraciones sobre la vida del autor y el Quijote _cpor Adolfo de Castro. |
| 260 |
_aMadrid _bA. de Carlo e hijo _c1874 |
||
| 300 |
_axxxv, 477 p. _c20 cm. |
||
| 500 | _aS120 | ||
| 600 | 1 | 4 |
_aCervantes Saavedra, Miguel de _d1547-1616 _vBibliografía _97606 |
| 902 | _aGFM | ||
| 942 |
_2lcc _cB |
||
| 999 |
_c7272 _d7272 |
||